LEADER 01234nam--2200385---450- 001 990000365670203316 035 $a0036567 035 $aUSA010036567 035 $a(ALEPH)000036567USA01 035 $a0036567 100 $a20010319d1977----km-y0itay0103----ba 101 $aeng 102 $aUS 105 $a||||||||001yy 200 1 $aData base management systems$fDionysios C. Tsichritzis, Frederick H. Lochovsky 210 $aNew York$cAcademic Press$d1977 215 $aXVI, 388 p.$cill.$d23 cm 225 2 $aComputer Science and Applied Mathematics 410 $12001$aComputer Science and Applied Mathematics 461 1$1001-------$12001 676 $a001.6442 700 1$aTSICHRITZIS,$bDionysios C.$050997 701 1$aLOCHOVSKY,$bFrederick H.$0543806 801 0$aIT$bsalbc$gISBD 912 $a990000365670203316 951 $a001.644 2 TSI$b0004378 CBS$c001.644 2$d00106120 959 $aBK 969 $aSCI 979 $aPATTY$b90$c20010319$lUSA01$h1335 979 $aPATTY$b90$c20010320$lUSA01$h1747 979 $aALANDI$b90$c20010516$lUSA01$h1130 979 $c20020403$lUSA01$h1644 979 $aPATRY$b90$c20040406$lUSA01$h1625 996 $aData base management systems$9877193 997 $aUNISA LEADER 01916oam 2200553 450 001 9910702639103321 005 20141015162846.0 035 $a(CKB)5470000002429799 035 $a(OCoLC)760424679$z(OCoLC)655179143 035 $a(EXLCZ)995470000002429799 100 $a20111111d1983 ua 0 101 0 $aeng 135 $aurcn||||a|a|| 181 $ctxt$2rdacontent 182 $cc$2rdamedia 183 $acr$2rdacarrier 200 00$aSpacelab data processing facility 210 1$aGreenbelt, Maryland :$cNASA National Aeronautics and Space Administration, Information Processing Division, Mission and Data Operations Directorate,$d[1983]. 215 $a1 online resource (24 pages) $ccolor illustrations 225 1 $aNASA-TM ;$v85556 300 $aTitle from title screen (viewed Oct. 15, 2014). 606 $aSpacelab$2nasat 606 $aComputer compatible tapes$2nasat 606 $aExtremely high frequencies$2nasat 606 $aPulse communication$2nasat 606 $aRedundant components$2nasat 606 $aTDR satellites$2nasat 606 $aSpace flight$xData processing$2fast 606 $aSpace vehicles$xControl systems$xData processing$2fast 615 7$aSpacelab. 615 7$aComputer compatible tapes. 615 7$aExtremely high frequencies. 615 7$aPulse communication. 615 7$aRedundant components. 615 7$aTDR satellites. 615 7$aSpace flight$xData processing. 615 7$aSpace vehicles$xControl systems$xData processing. 712 02$aGoddard Space Flight Center.$bMission and Data Operations Directorate.$bInformation Processing Division, 801 0$bOCLCE 801 1$bOCLCE 801 2$bOCLCQ 801 2$bOCLCF 801 2$bOCLCQ 801 2$bOCLCO 801 2$bGPO 906 $aBOOK 912 $a9910702639103321 996 $aSpacelab data processing facility$93121329 997 $aUNINA